000 00350pab a2200145 454500
008 180718b2015 xxu||||| |||| 00| 0 eng d
100 _aLallement, Michel
245 _aWork and challenges of autonomy
260 _c2015
300 _ap.229-248.
362 _aJun
650 _aAutonomy
773 _aSocial Science Information
909 _a107927
999 _c107922
_d107922